00581nam a2200193 a 4500001001300000003000900013005001700022008004100039020000900080082001900089100004200108245003800150260004000188300000900228500003500237505004700272650002600319700004200345nice12345678IN_TiNIC20260116012908.0050524s1983 iraa grp 000 0 urd  ac1500a891.4391bSAH2 aSahab Hyderabadi, S Muzaffaruddin Kha aGulistan-E-Hamd-O-Naat-O-Munqabat aIranbIdara-I-Adabiyat-I-Urduc1983 a186p aincludes index and biblioraphy2 aFoot notes by Maulana Maulvi Ilahi Bakhsh. aUrdu-Poetry-religious1 aSahab Hyderabadi, S Muzaffaruddin Kha